00450nam a22001577a 4500008004500000020001800045082001800063100001600081245003700097250000800134260006600142300001500208650002100223650002500244650002300269220607b 2012 ||||| |||| 00| 0 eng d a9780070151314 a621.4021bNAG aNag, P. K.  aBasic and applied thermodynamics a2nd aNew DelhibTata McGraw Hill Education (India) Pvt. Ltd.c2012 axvi, 846p. aGas power Cycles aRefrigeration Cycles aVapou Power Cycles